Sur la religion / (Record no. 100287)
[ view plain ]
| 000 -LEADER | |
|---|---|
| campo de control de longitud fija | 00704nam a2200217 i 4500 |
| 001 - NÚMERO DE CONTROL | |
| campo de control | 100287 |
| 003 - IDENTIFICADOR DE NÚMERO DE CONTROL | |
| campo de control | ES-MaACL |
| 005 - FECHA Y HORA DE LA ÚLTIMA TRANSACCIÓN | |
| campo de control | 20250331063058.0 |
| 007 - CAMPO FIJO DE DESCRIPCIÓN FÍSICA--INFORMACIÓN GENERAL | |
| campo de control de longitud fija | t| |
| 008 - DATOS DE LONGITUD FIJA--INFORMACIÓN GENERAL | |
| campo de control de longitud fija | 050926s1936 fr ||||1| fre d |
| 100 1# - ENTRADA PRINCIPAL--NOMBRE DE PERSONA | |
| Nombre de persona | Marx, Karl, |
| Fechas asociadas al nombre | 1818-1883 |
| 9 (RLIN) | 78590 |
| 245 10 - MENCIÓN DEL TÍTULO | |
| Título | Sur la religion / |
| Mención de responsabilidad, etc. | Karl Marx, Friedrich Engels; choisis, traduits et présentés par Lucien Henry. |
| 260 ## - PUBLICACIÓN, DISTRIBUCIÓN, ETC. | |
| Lugar de publicación, distribución, etc. | Paris : |
| Nombre del editor, distribuidor, etc. | Editions Sociales Internationales, |
| Fecha de publicación, distribución, etc. | 1936. |
| 300 ## - DESCRIPCIÓN FÍSICA | |
| Extensión | 136 p. ; |
| Dimensiones | 23 cm. |
| 490 1# - MENCIÓN DE SERIE | |
| Mención de serie | Les grands textes du marxisme |
| 700 1# - ENTRADA AGREGADA--NOMBRE PERSONAL | |
| Nombre de persona | Engels, Friedrich. |
| 9 (RLIN) | 47225 |
| 700 1# - ENTRADA AGREGADA--NOMBRE PERSONAL | |
| Nombre de persona | Henry, Lucien. |
| 9 (RLIN) | 62598 |
| 830 0# - PUNTO DE ACCESO ADICIONAL DE SERIE-TÍTULO UNIFORME | |
| Título uniforme | Les grands textes du marxisme |
| 9 (RLIN) | 232425 |
| 852 ## - LOCALIZACIÓN | |
| Ubicación | ES-MaACL |
| Número de control de estantería | A-4481 |
| Estatus retirado | Estado de pérdida | Estado de daño | No para préstamo | Biblioteca de origen | Biblioteca actual | Ubicación en estantería | Fecha de adquisición | Fuente de adquisición | Total de préstamos | Signatura topográfica completa | Código de barras | Visto por última vez | Precio de reemplazo | Tipo de ítem Koha |
|---|---|---|---|---|---|---|---|---|---|---|---|---|---|---|
| Biblioteca del Ateneo de Madrid | Biblioteca del Ateneo de Madrid | Sala Pecera Planta 1 | 17/01/2008 | A-4481 | 1104715 | 23/02/2023 | 23/02/2023 | Libro impreso |
